000 02104nam a2200289 i 4500
003 DO-SdBNP
005 20250710135913.0
007 ta
008 250710b2025 dr o|||| |||| 00| 0 spa d
020 _a9789945807790
040 _aDO-SdBNP
_bspa
_cBNPHU
_erda
041 _aspa
082 _axxx
_bJ61
_222
100 1 _aJiménez Clemente, Bernarda
_eautora
_4aut.
_982930
245 1 0 _aLucrecia Pérez :
_bdel vaticinio de un crimen a la primera migración laboral de dominicanos a España /
_cBernarda Jiménez
250 _aTercera edición, revisada y ampliada
264 _aSanto Domingo :
_bEditora Búho,
_c2025.
300 _a288 páginas
_bretratos
_c23 cm.
336 _atexto
_btxt
_2rdacontent
337 _asin mediación
_bn
_2rdamedia
338 _avolumen
_bnc
_2rdacarrier
500 _aIncluye datos biografícos de la autora en la contraportada.
520 _aEl año 2002 fue un año muy significativo para el Colectivo de Inmigrantes Dominicanos en España. Justo en este año, se cumplió el Décimo Aniversario del asesinato de Lucrecia Pérez Matos, víctima de la xenofobia y el racismo, coincidiendo con el aniversario jurídico de la fundación de la ONG sin fines de lucro Asociación Voluntariado Madres Dominicanas- Voluntariado Colectivos Integrados de Trabajadores (VOMADE-VINCIT). Motivos, más que justificados, para celebrar el primer Congreso de Asociaciones de Inmigrantes Dominicanos en el Mundo, que tuvo lugar en El Escorial, los días 8 y 9 de noviembre de 2002. El tiempo, inexorable, se lleva casi siempre los hechos que dan sustancia a la historia. Muchas veces se ha repetido que los pueblos que olvidan su historia se despersonalizan, se anquilosan, se convierten en sombras buscando siempre el equilibrio; la serenidad precisa para formar opinión sin tergiversar. Aquí se narran más de diez años de historia, de hombres y mujeres oriundos de un país inmensamente rico y hermoso que los expulsa por querer ejercer sus derechos de alcanzar una vida mejor.
590 _aInventariado, 2025/ YL
910 _aYLockward
942 _2ddc
_cLBS1
999 _c59492
_d59492